Irrational Advertising and Moral Autonomy
This article analyzes the four main criticisms against commercial manipulative advertising (here called irrational advertising): the virtue ethics criticism (“irrational advertising prevents human virtue”), the utilitarian criticism (“irrational advertising harms general happiness”), the autonomist...
| Main Author: | |
|---|---|
| Format: | Electronic Article |
| Language: | English |
| Check availability: | HBZ Gateway |
| Interlibrary Loan: | Interlibrary Loan for the Fachinformationsdienste (Specialized Information Services in Germany) |
| Published: |
2017
|
| In: |
Journal of business ethics
Year: 2017, Volume: 144, Issue: 3, Pages: 479-490 |
| Further subjects: | B
Manipulation
B Categorical Imperative B Irrational advertising B Immanuel Kant B Autonomy B Advertising ethics |
| Online Access: |
Volltext (JSTOR) Volltext (lizenzpflichtig) |
MARC
| LEADER | 00000caa a22000002c 4500 | ||
|---|---|---|---|
| 001 | 1785661949 | ||
| 003 | DE-627 | ||
| 005 | 20230710121248.0 | ||
| 007 | cr uuu---uuuuu | ||
| 008 | 220112s2017 xx |||||o 00| ||eng c | ||
| 024 | 7 | |a 10.1007/s10551-015-2813-z |2 doi | |
| 035 | |a (DE-627)1785661949 | ||
| 035 | |a (DE-599)KXP1785661949 | ||
| 035 | |a (DE-He213)s10551-015-2813-z-e | ||
| 040 | |a DE-627 |b ger |c DE-627 |e rda | ||
| 041 | |a eng | ||
| 084 | |a 1 |2 ssgn | ||
| 100 | 1 | |a Villarán, Alonso |e VerfasserIn |4 aut | |
| 245 | 1 | 0 | |a Irrational Advertising and Moral Autonomy |
| 264 | 1 | |c 2017 | |
| 336 | |a Text |b txt |2 rdacontent | ||
| 337 | |a Computermedien |b c |2 rdamedia | ||
| 338 | |a Online-Ressource |b cr |2 rdacarrier | ||
| 520 | |a This article analyzes the four main criticisms against commercial manipulative advertising (here called irrational advertising): the virtue ethics criticism (“irrational advertising prevents human virtue”), the utilitarian criticism (“irrational advertising harms general happiness”), the autonomist criticism (“irrational advertising violates the audience’s autonomy”), and the Kantian criticism (“irrational advertising implies treating humanity merely as means”). After demonstrating the weaknesses of the virtue ethics criticism, the utilitarian criticism, and the autonomist criticism, I reconstruct the latter using Kant’s conception of autonomy. In doing so, I simultaneously expand the Kantian criticism: irrational advertising not only entails treating humanity merely as means, but it also threatens moral autonomy by encouraging heteronomy and sometimes even a rebellion against the moral law. | ||
| 601 | |a Autonomie | ||
| 650 | 4 | |a Manipulation | |
| 650 | 4 | |a Irrational advertising | |
| 650 | 4 | |a Immanuel Kant | |
| 650 | 4 | |a Categorical Imperative | |
| 650 | 4 | |a Autonomy | |
| 650 | 4 | |a Advertising ethics | |
| 773 | 0 | 8 | |i Enthalten in |t Journal of business ethics |d Dordrecht : Springer, 1982 |g 144(2017), 3, Seite 479-490 |h Online-Ressource |w (DE-627)270937129 |w (DE-600)1478688-6 |w (DE-576)121465284 |x 1573-0697 |7 nnas |
| 773 | 1 | 8 | |g volume:144 |g year:2017 |g number:3 |g pages:479-490 |
| 856 | |3 Volltext |u http://www.jstor.org/stable/45022184 |x JSTOR | ||
| 856 | 4 | 0 | |u https://doi.org/10.1007/s10551-015-2813-z |x Resolving-System |z lizenzpflichtig |3 Volltext |7 1 |
| 935 | |a mteo | ||
| 951 | |a AR | ||
| ELC | |a 1 | ||
| ITA | |a 1 |t 1 | ||
| LOK | |0 000 xxxxxcx a22 zn 4500 | ||
| LOK | |0 001 4033720847 | ||
| LOK | |0 003 DE-627 | ||
| LOK | |0 004 1785661949 | ||
| LOK | |0 005 20220112043858 | ||
| LOK | |0 008 220112||||||||||||||||ger||||||| | ||
| LOK | |0 035 |a (DE-Tue135)IxTheo#2021-12-30#8EA92ED8D036EDE21BE6B494E788233B8719D639 | ||
| LOK | |0 040 |a DE-Tue135 |c DE-627 |d DE-Tue135 | ||
| LOK | |0 092 |o n | ||
| LOK | |0 852 |a DE-Tue135 | ||
| LOK | |0 852 1 |9 00 | ||
| LOK | |0 866 |x JSTOR#http://www.jstor.org/stable/45022184 | ||
| LOK | |0 935 |a ixzs |a ixrk |a zota | ||
| LOK | |0 939 |a 12-01-22 |b l01 | ||
| ORI | |a SA-MARC-ixtheoa001.raw | ||
| STA | 0 | 0 | |a Manipulation |
| STB | 0 | 0 | |a Manipulation |
| STC | 0 | 0 | |a Manipulación |
| STD | 0 | 0 | |a Manipolazione |
| STE | 0 | 0 | |a 心理操纵,操控 |
| STF | 0 | 0 | |a 心理操縱,操控 |
| STG | 0 | 0 | |a Manipulação |
| STH | 0 | 0 | |a Манипуляция |
| STI | 0 | 0 | |a Χειραγώγηση |
| SYE | 0 | 0 | |a Verhaltensmanipulation |